Automatic Speech and Speaker Recognition (Record no. 194277)
[ view plain ]
| 000 -LEADER | |
|---|---|
| fixed length control field | 01697 a2200181 4500 |
| 003 - CONTROL NUMBER IDENTIFIER | |
| control field | Nust |
| 005 - DATE AND TIME OF LATEST TRANSACTION | |
| control field | 20221231155737.0 |
| 010 ## - LIBRARY OF CONGRESS CONTROL NUMBER | |
| LC control number | 96001588 |
| 040 ## - CATALOGING SOURCE | |
| Transcribing agency | Nust |
| 082 ## - DEWEY DECIMAL CLASSIFICATION NUMBER | |
| Classification number | 621.399,AUT |
| 100 ## - MAIN ENTRY--PERSONAL NAME | |
| Personal name | Chin-Hui Lee |
| 9 (RLIN) | 106578 |
| 245 ## - TITLE STATEMENT | |
| Title | Automatic Speech and Speaker Recognition |
| Remainder of title | advanced topics / |
| 260 ## - PUBLICATION, DISTRIBUTION, ETC. | |
| Place of publication, distribution, etc. | Boston |
| Name of publisher, distributor, etc. | Kluwer academic publishers |
| Date of publication, distribution, etc. | 1996. |
| 300 ## - PHYSICAL DESCRIPTION | |
| Extent | 517p |
| 505 ## - FORMATTED CONTENTS NOTE | |
| Formatted contents note | An Overview of Automatic Speech Recognition (Page-1), An Overview of Speaker Recognition Technology (Page-31), Maximum Mutual Information Estimation of Hidden Markov Models(Page-83), Statistical and Discriminative Methods for Speech Recognition (Page-109), Context Dependent Vector Quantization for Speech Recognition (Page-133), Hidden Markov Network for Precise Acoustic Modeling (Page-159), From HMMS To Segment Models : Stochastic Modeling for CSR(Page-211), The Use of Recurrent Networks in Continuous Speech Recognition (Page-233), Hybrid Connections Models for Continuous Speech Recognition (Page-285), World Spotting Extracting Partial Information from Continuous Utterances (Page-303), Spectral Dynamic for Speech Recognition under Adverse Conditions (Page-331), Single Processing for Robust Speech Recognition (Page-357), Dynamic Programming Search: From Digit Strings to Large Vocabulary World Graphs (Page-385), Fast Matching Techniques (Page-413), Multiple Pass Search Vocabulary (Page-429), Issues in Practical Large Vocabulary Isolated World Recognition : The IBM Isolated World Recognition The IBM Tagore Systems (Page-457), From Sphinx –II to Whisper Making Speech Recognition Usable (Page-481). |
| 650 ## - SUBJECT ADDED ENTRY--TOPICAL TERM | |
| Topical term or geographic name entry element | Automatic Speech and Speaker Recognition |
| 9 (RLIN) | 106579 |
| 942 ## - ADDED ENTRY ELEMENTS (KOHA) | |
| Source of classification or shelving scheme | |
| Koha item type | Book |
| Withdrawn status | Lost status | Source of classification or shelving scheme | Damaged status | Not for loan | Permanent Location | Current Location | Shelving location | Date acquired | Total Checkouts | Full call number | Barcode | Date last seen | Date last checked out | Price effective from | Koha item type | Public note |
|---|---|---|---|---|---|---|---|---|---|---|---|---|---|---|---|---|
| Military College of Signals (MCS) | Military College of Signals (MCS) | General Stacks | 12/12/2016 | 1 | 621.399,AUT | MCS5760 | 10/10/2022 | 09/28/2022 | 12/12/2016 | Book | Almirah No.40, Shelf No.6 |
